000 00498nam a2200181Ia 4500
005 20250508154411.0
008 008 250505s9999 xx 000 0 eng d
037 _aReference
040 _aFEDL
_beng
_cFEDL
041 _aeng
_2eng
084 _a370.1, RAY
_qFEDL
100 _aRaymont T
_9756175
245 0 _aModern education is aims and methods
260 _aLondon, UK
_bLongmans, Green and Co.
300 _a237p.
942 _cREF
_h370.1, RAY
999 _c1349958
_d1349958